000 00278nam a22001337a 4500
003 SGT
020 _a9788120339743
082 _a343.099
_bNEE
100 _aNEELAMALAR M
245 _aMEDIA LAW AND ETHICS
260 _aDELHI
_bEASTERN
_c2023
300 _a224
942 _2ddc
_cBK
999 _c25740
_d25740